| 000 | 01289aam a2200445 4500 | ||
|---|---|---|---|
| 005 | 20250820143753.0 | ||
| 008 | 150309b xxu||||| |||| 00| 0 spa d | ||
| 020 | _a97024065110 | ||
| 041 | _aESP | ||
| 082 | _a658.409 2 S561l | ||
| 100 |
_aShriberg, Arthur _915912 |
||
| 100 |
_aShriberg, David _915913 |
||
| 100 |
_aLloyd, Carol _915914 |
||
| 245 | _aLiderazgo práctico: principios y aplicaciones | ||
| 260 | _aMéxico | ||
| 260 | _bContinental | ||
| 260 | _c2004 | ||
| 300 | _a310 páginas | ||
| 490 | _aDirección y Administración de empresas | ||
| 650 | _aLIDERAZGO EJECUTIVO | ||
| 650 | _aMOTIVACIÓN | ||
| 650 | _aMÉTODOS PARA ENMARCAR EL LIDERAZGO | ||
| 650 | _aTEORIAS DE LA MOTIVACIÓN | ||
| 650 | _aTRABAJO EN EQUIPO | ||
| 650 | _aCOMUNICACIÓN | ||
| 650 | _aTIPOS DE COMUNICACIÓN | ||
| 650 | _aTEORÍAS DE LA MOTIVACIÓN | ||
| 650 | _aINTEGRACIÓN DE EQUIPOS | ||
| 650 | _aCOMUNICACIONES | ||
| 650 | _aLIDERAZGO CARISMATICO | ||
| 650 | _aANTROPOLOGÍA CULTURAL | ||
| 650 | _aBIOGRAFÍAS DE LIDERAZGO | ||
| 650 | _aPRÁCTICA DEL LIDERAZGO | ||
| 650 | _aSOCIEDAD MULTICULTURAL | ||
| 650 | _aCONDUCTA | ||
| 650 | _aLIDERAZGO MULTICULTURAL | ||
| 650 | _aMASLOW, ABRAHAM | ||
| 650 | _aTEORÍA DE LAS NECESIDADES | ||
| 942 |
_cBK _2ddc |
||
| 999 |
_c3759 _d3759 |
||